Reasoning- III: (Record no. 202198)

MARC details
000 -LEADER
fixed length control field 00647nam a22001937a 4500
005 - DATE AND TIME OF LATEST TRANSACTION
control field 20240508115705.0
010 ## - LCCN (DPL NO)
LC control number ENG-140166
020 ## - INTERNATIONAL STANDARD BOOK NUMBER
Terms of availability 136.00
International Standard Book Number 9788192708737
035 ## - SYSTEM CONTROL NUMBER
System control number EN-123698
037 ## - SOURCE OF ACQUISITION
Source of stock number/acquisition DBAD
082 ## - DEWEY DECIMAL CLASSIFICATION NUMBER
Classification number 000
100 ## - MAIN ENTRY--PERSONAL NAME
Personal name Naresh, Gandi
245 ## - TITLE STATEMENT
Title Reasoning- III:
Remainder of title For All Competitive Examination and Campus Placements/
Statement of responsibility, etc By Naresh, Gandi
250 ## - EDITION STATEMENT
Edition statement 1
260 ## - PUBLICATION, DISTRIBUTION, ETC. (IMPRINT)
Place of publication, distribution, etc Hyderabad
Name of publisher, distributor, etc StudentsHelpline Publishing House (P) Ltd.
Date of publication, distribution, etc 2019
270 ## - ADDRESS
City Hyderabad
Address 326/C III rd Floor, Surneni Nilayam
Postal code 500038
Telephone number 91-40-23710657
-- 28000657
300 ## - PHYSICAL DESCRIPTION
Extent viii, 200p.
Dimensions 25cm(pbk)
942 ## - ADDED ENTRY ELEMENTS (KOHA)
Source of classification or shelving scheme Dewey Decimal Classification
Item type English Books
Classification part 000
Call number suffix NAR
Holdings
Withdrawn status Lost status Not for loan Collection code Home library Current library Date acquired Source of acquisition Cost, normal purchase price Full call number Barcode Copy number Cost, replacement price Koha item type
      Non-fiction Ashok Vihar Ashok Vihar 16/04/2024 DBAD 136.00 000 NAR EN-123698 1 136.00 English Books

© Delhi Public Library
Hit Counter
free hit counter